000 00638nam a2200229 4500
003 OSt
005 20240705014329.0
006 a
008 240705b |||||||| |||| 00| 0 eng d
020 _a9781904994497
040 _aDWCL-Main lib.
_cOC
082 _aGR. 032 G964 2009
245 _aGuinness world records 2010 /
260 _aUK :
_bGuinness World Record Limited,
_cc2009.
300 _b287 p. : col. ill. ;
_c30 cm.
504 _aIncludes index.
650 _a1. Curiosities and wonders.
650 _a2. World records.
650 _a3. Questions and answers.
700 _aCraig Glenday
942 _2ddc
_n0
_cGR
_kGR.
999 _c1986
_d1986